[Event "28. Klatovy B 2022"]
[Site "Klatovy"]
[Date "2022.07.05"]
[Round "4.36"]
[White "Nova, Anezka"]
[Black "Kasik, Denis"]
[Result "1-0"]
[WhiteElo "1060"]
[BlackElo "1361"]
[PlyCount "111"]
[EventDate "2022.07.02"]
[EventType "swiss"]
[EventRounds "9"]
[EventCountry "CZE"]

1. e4 e6 2. d4 d5 3. Nd2 c5 4. exd5 exd5 5. Ngf3 Nc6 6. dxc5 Bxc5 7. Nb3 Qb6 8. Nxc5 Qxc5 9. Be3 Qb4+ 10. Nd2 d4 11. Bf4 d3 12. Be3 dxc2 13. Qxc2 Nf6 14. Bc4 O-O 15. O-O Qd6 16. Bb3 Ng4 17. g3 Nxe3 18. fxe3 Qh6 19. Qe4 Bh3 20. Rf4 g5 21. Rf3 Rae8 22. Bxf7+ Rxf7 23. Qxe8+ Rf8 24. Rxf8+ Qxf8 25. Qxf8+ Kxf8 26. Ne4 h6 27. Rc1 Ke7 28. Nc5 b6 29. Na6 Kd7 30. a3 Bg4 31. Nb4 Ne5 32. Nd5 Ke6 33. Nb4 Kd7 34. Kf1 Bh3+ 35. Kf2 a5 36. Rd1+ Ke6 37. Rd8 axb4 38. axb4 Ng4+ 39. Kg1 Kf5 40. Rd6 Ke4 41. Rxb6 Kd3 42. Rc6 Ke2 43. b5 Ne5 44. Rc2+ Kxe3 45. b6 Nf3+ 46. Kh1 Ne1 47. b7 Bf5 48. b8=Q Be4+ 49. Kg1 Nf3+ 50. Kg2 Nh4+ 51. Kf1 Bd3+ 52. Ke1 Nf3+ 53. Kd1 Bxc2+ 54. Kxc2 Nd4+ 55. Kb1 h5 56. Qe5+ 1-0

[Event "28. Klatovy B 2022"]
[Site "Klatovy"]
[Date "2022.07.05"]
[Round "4.42"]
[White "Sehnoutka, Dalibor 1972"]
[Black "Jarosik, Karel 1971"]
[Result "1/2-1/2"]
[WhiteElo "1444"]
[BlackElo "1000"]
[PlyCount "53"]
[EventDate "2022.07.02"]
[EventType "swiss"]
[EventRounds "9"]
[EventCountry "CZE"]

1. e4 e5 2. Nf3 Nc6 3. d4 exd4 4. Nxd4 Bc5 5. Be3 Qf6 6. c3 Nge7 7. Be2 O-O 8. O-O d5 9. Nxc6 Bxe3 10. fxe3 Qxc6 11. exd5 Qxd5 12. Bf3 Qxd1 13. Rxd1 c6 14. c4 Nf5 15. Kf2 Be6 16. b3 Rad8 17. Nc3 Nh4 18. Be2 f5 19. g3 Ng6 20. Rxd8 Rxd8 21. Rd1 Rxd1 22. Bxd1 Ne5 23. h3 g5 24. Be2 Kg7 25. Kg2 Kg6 26. Kf2 h5 27. h4 1/2-1/2

[Event "28. Klatovy B 2022"]
[Site "Klatovy"]
[Date "2022.07.06"]
[Round "5.1"]
[White "Benes, Jachym"]
[Black "Zednik, Zdenek"]
[Result "1/2-1/2"]
[WhiteElo "1776"]
[BlackElo "1845"]
[PlyCount "56"]
[EventDate "2022.07.02"]
[EventType "swiss"]
[EventRounds "9"]
[EventCountry "CZE"]

1. d4 Nf6 2. c4 e6 3. Nf3 Bb4+ 4. Bd2 Qe7 5. a3 Bxd2+ 6. Nbxd2 d6 7. e3 Nbd7 8. Qc2 O-O 9. Be2 e5 10. d5 a5 11. O-O b6 12. b4 Bb7 13. Nb3 c6 14. e4 c5 15. b5 Rae8 16. Nbd2 h6 17. Nh4 g6 18. g3 Bc8 19. Bf3 Nh7 20. Rae1 Kg7 21. Bg4 Nb8 22. Bxc8 Rxc8 23. Ng2 Nd7 24. f4 Rce8 25. Nf3 Rd8 26. Re2 Rde8 27. Qc3 Nhf6 28. Rfe1 Qd8 1/2-1/2

[Event "28. Klatovy B 2022"]
[Site "Klatovy"]
[Date "2022.07.06"]
[Round "5.2"]
[White "Danek, Vaclav"]
[Black "Koper, Stefan"]
[Result "1/2-1/2"]
[WhiteElo "1862"]
[BlackElo "1829"]
[PlyCount "214"]
[EventDate "2022.07.02"]
[EventType "swiss"]
[EventRounds "9"]
[EventCountry "CZE"]

1. e4 g6 2. d4 Bg7 3. c3 d5 4. exd5 Qxd5 5. Qf3 Qxf3 6. Nxf3 Nf6 7. Bf4 c6 8. h3 O-O 9. Bd3 Nbd7 10. Nbd2 Re8 11. O-O Nd5 12. Bh2 a5 13. Rac1 Bh6 14. Rc2 Bf4 15. Re1 Bxh2+ 16. Kxh2 b5 17. Bf1 f6 18. Ne4 Ba6 19. a3 a4 20. Ned2 N7b6 21. g3 Kf7 22. Rcc1 Reb8 23. Kg1 h6 24. Bd3 Nd7 25. Re2 Ra7 26. Ree1 Rc7 27. Nh4 Nf8 28. Be4 Bc8 29. Kh2 e6 30. Bg2 g5 31. Nhf3 Ng6 32. Ne4 Rd7 33. Nc5 Re7 34. Re2 h5 35. Re4 Nf8 36. Rce1 Rb6 37. R1e2 Nc7 38. Ne1 Ne8 39. f4 Nd6 40. R4e3 g4 41. Be4 Nc4 42. Rd3 f5 43. Bg2 Nh7 44. Rd1 Nf6 45. Ned3 Nd5 46. Ne5+ Nxe5 47. Rxe5 Kf6 48. Rde1 Rb8 49. Kg1 Ra8 50. Kf2 Raa7 51. Rh1 Rh7 52. Ree1 Rag7 53. Nd3 gxh3 54. Rxh3 h4 55. gxh4 Rg4 56. Bxd5 cxd5 57. h5 Bd7 58. h6 Be8 59. Rg1 Bg6 60. Rgg3 Rh8 61. Kf3 Rh7 62. Ne5 Rh8 63. Rh2 Rxg3+ 64. Kxg3 Bh7 65. Kf3 Bg6 66. Ke3 Be8 67. Kd3 Bg6 68. Nf3 Be8 69. Ng5 Bg6 70. Kc2 Be8 71. b3 Bg6 72. bxa4 bxa4 73. Nf3 Be8 74. Ne5 Bb5 75. Nf3 Be8 76. Ng5 Bf7 77. Nf3 Bg6 78. Ne5 Be8 79. h7 Kg7 80. c4 dxc4 81. Kc3 Rxh7 82. Rxh7+ Kxh7 83. Kxc4 Kg7 84. Kb4 Kf6 85. Kc5 Ke7 86. Nc4 Bd7 87. Nb6 Be8 88. d5 exd5 89. Kxd5 Kf6 90. Kd6 Bb5 91. Nd5+ Kf7 92. Nc3 Be8 93. Ke5 Kg6 94. Ke6 Bc6 95. Kd6 Be8 96. Nd5 Bb5 97. Ke5 Bd3 98. Ne7+ Kf7 99. Nxf5 Bc2 100. Nd4 Bd1 101. Kd6 Kf6 102. Kc5 Ke7 103. Kb4 Kf6 104. Nb5 Kf5 105. Nc3 Bf3 106. Nxa4 Kxf4 107. Nc5 Ke5 1/2-1/2

[Event "28. Klatovy B 2022"]
[Site "Klatovy"]
[Date "2022.07.06"]
[Round "5.3"]
[White "Berka, Lubos"]
[Black "Jirasek, Jiri"]
[Result "1/2-1/2"]
[WhiteElo "1677"]
[BlackElo "1878"]
[PlyCount "77"]
[EventDate "2022.07.02"]
[EventType "swiss"]
[EventRounds "9"]
[EventCountry "CZE"]

1. e4 e5 2. Nf3 Nf6 3. Nc3 Nc6 4. d4 Bb4 5. d5 Ne7 6. Bd3 d6 7. h3 O-O 8. O-O Bxc3 9. bxc3 Ng6 10. c4 b6 11. c3 Nh5 12. Bg5 f6 13. Bh4 Nxh4 14. Nxh4 g6 15. Nf3 Nf4 16. Nh2 f5 17. Nf3 Nxd3 18. Qxd3 fxe4 19. Qxe4 Rf4 20. Qe3 Qf6 21. Nd2 a5 22. Kh2 Ba6 23. g3 Rf5 24. Ne4 Qf8 25. Ng5 Bxc4 26. g4 Rxg5 27. Qxg5 Bxf1 28. Rxf1 Qf4+ 29. Qxf4 exf4 30. Re1 Kf7 31. Kg2 g5 32. Kf3 b5 33. a3 Rb8 34. h4 gxh4 35. Rh1 b4 36. cxb4 axb4 37. axb4 Rxb4 38. Rxh4 Kg6 39. Rh5 1/2-1/2

[Event "28. Klatovy B 2022"]
[Site "Klatovy"]
[Date "2022.07.06"]
[Round "5.4"]
[White "Masek, Jan"]
[Black "Hanzlik, Jiri"]
[Result "1-0"]
[WhiteElo "1865"]
[BlackElo "1609"]
[PlyCount "67"]
[EventDate "2022.07.02"]
[EventType "swiss"]
[EventRounds "9"]
[EventCountry "CZE"]

1. e4 d5 2. e5 e6 3. d4 c5 4. c3 c4 5. f4 Qh4+ 6. g3 Qd8 7. Nf3 Nc6 8. Be2 Bd7 9. Nbd2 Nh6 10. Nf1 Nf5 11. Kf2 b5 12. a3 a5 13. g4 Nfe7 14. b4 axb4 15. cxb4 Nxb4 16. Rb1 Na6 17. Qd2 Nc6 18. Ng3 b4 19. axb4 Bxb4 20. Qe3 Qa5 21. Bb2 Qd8 22. Nh5 O-O 23. Bd1 Be7 24. g5 Nab4 25. Kg3 Nd3 26. Bc3 Ra3 27. Qd2 Bb4 28. Bxb4 Ncxb4 29. Rxb4 Nxb4 30. Qxb4 Qa5 31. Qe7 Be8 32. Rg1 Qa7 33. Nf6+ gxf6 34. gxf6 1-0

[Event "28. Klatovy B 2022"]
[Site "Klatovy"]
[Date "2022.07.06"]
[Round "5.5"]
[White "Rezac, Jindrich"]
[Black "Kubat, Zbynek"]
[Result "1-0"]
[WhiteElo "1833"]
[BlackElo "1596"]
[PlyCount "72"]
[EventDate "2022.07.02"]
[EventType "swiss"]
[EventRounds "9"]
[EventCountry "CZE"]

1. c4 e5 2. g3 Nf6 3. Bg2 Nc6 4. Nc3 g6 5. Nf3 d6 6. O-O Bg7 7. d4 exd4 8. Nxd4 Nxd4 9. Qxd4 O-O 10. Qd2 Rb8 11. b3 Be6 12. e4 a6 13. Bb2 Qd7 14. Nd5 Nxd5 15. Bxg7 Kxg7 16. cxd5 Bh3 17. Bxh3 Qxh3 18. Qc3+ Kg8 19. Qxc7 Rfd8 20. Rac1 Qg4 21. Qe7 Rd7 22. Qh4 Qxh4 23. gxh4 Kg7 24. Kg2 Re8 25. f3 Kh6 26. Rc4 Kh5 27. Kg3 Rf8 28. Rfc1 f5 29. Rc7 f4+ 30. Kh3 Rff7 31. Rxd7 Rxd7 32. Rc8 h6 33. Rf8 g5 34. hxg5 hxg5 35. Rh8+ Kg6 36. Kg4 Kf6 1-0

[Event "28. Klatovy B 2022"]
[Site "Klatovy"]
[Date "2022.07.06"]
[Round "5.6"]
[White "Lener, Jaroslav 1975"]
[Black "Andrle, Filip"]
[Result "0-1"]
[WhiteElo "1796"]
[BlackElo "1495"]
[PlyCount "105"]
[EventDate "2022.07.02"]
[EventType "swiss"]
[EventRounds "9"]
[EventCountry "CZE"]

1. Nf3 f5 2. d4 Nf6 3. Bg5 g6 4. Bxf6 exf6 5. e3 Bg7 6. c4 O-O 7. Nc3 d6 8. Bd3 Nd7 9. b4 b6 10. Nd5 Re8 11. O-O Bb7 12. Nf4 Bh6 13. d5 Bxf4 14. exf4 Qe7 15. Nd4 Nf8 16. Re1 Qd7 17. Bc2 Rxe1+ 18. Qxe1 Re8 19. Qd1 Qf7 20. Qd2 a6 21. a4 Kg7 22. Bb3 Bc8 23. a5 Qe7 24. axb6 cxb6 25. Ba4 Nd7 26. Ne6+ Kg8 27. Kf1 b5 28. cxb5 Nb6 29. Bb3 axb5 30. Nd4 Nc4 31. Qd3 Qe4 32. Bxc4 bxc4 33. Qc3 Qxd5 34. Ra5 Qe4 35. Qxc4+ Kg7 36. Ra7+ Kh6 37. Ra1 Bb7 38. f3 Qe3 39. Qe2 Qxd4 40. Qxe8 Qxa1+ 41. Kf2 Qb2+ 42. Kg3 Qc3 43. Qf8+ Kh5 44. Qe7 h6 45. h3 Bc6 46. Qxd6 Bb5 47. Qe7 Bf1 48. Qa7 Qd2 49. Qg1 Qe1+ 50. Kh2 Qe2 51. Kh1 g5 52. g4+ Kh4 53. gxf5 0-1

[Event "28. Klatovy B 2022"]
[Site "Klatovy"]
[Date "2022.07.06"]
[Round "5.7"]
[White "Rudlof, Jan"]
[Black "Stanke, Petr"]
[Result "1/2-1/2"]
[WhiteElo "1767"]
[BlackElo "1522"]
[PlyCount "38"]
[EventDate "2022.07.02"]
[EventType "swiss"]
[EventRounds "9"]
[EventCountry "CZE"]

1. d4 e6 2. c4 f5 3. g3 Nf6 4. Bg2 c6 5. Nf3 d5 6. O-O Be7 7. Bf4 O-O 8. Nbd2 Nbd7 9. Ng5 Nb8 10. h4 Ne4 11. Ngf3 Nd7 12. Qc2 Ndf6 13. Ne5 Nh5 14. e3 Nxf4 15. exf4 Rf6 16. c5 Rh6 17. Ndf3 Bd7 18. Ng5 Bc8 19. Bf3 Rf6 1/2-1/2

[Event "28. Klatovy B 2022"]
[Site "Klatovy"]
[Date "2022.07.06"]
[Round "5.8"]
[White "Sova, Zdenek"]
[Black "Vachal, Josef1"]
[Result "1/2-1/2"]
[WhiteElo "1669"]
[BlackElo "1765"]
[PlyCount "59"]
[EventDate "2022.07.02"]
[EventType "swiss"]
[EventRounds "9"]
[EventCountry "CZE"]

1. Nf3 Nf6 2. d4 g6 3. c4 Bg7 4. Nc3 d5 5. e3 O-O 6. Be2 Re8 7. O-O c6 8. Qb3 e6 9. Re1 Nbd7 10. h3 Qb6 11. Qxb6 axb6 12. Bd3 dxc4 13. Bxc4 e5 14. Bd2 exd4 15. Nxd4 Ne5 16. Be2 Be6 17. Nxe6 Rxe6 18. Red1 Rd6 19. Be1 Rxd1 20. Rxd1 Kf8 21. a3 Ke7 22. f4 Ned7 23. Bf3 Rd8 24. g4 Nc5 25. b4 Rxd1 26. Bxd1 Nce4 27. g5 Nxc3 28. Bxc3 Ne8 29. Bd2 Nd6 30. Bb3 1/2-1/2

[Event "28. Klatovy B 2022"]
[Site "Klatovy"]
[Date "2022.07.06"]
[Round "5.9"]
[White "Hampel, Rudolf"]
[Black "Chmelik, Ladislav"]
[Result "1-0"]
[WhiteElo "1598"]
[BlackElo "1730"]
[PlyCount "91"]
[EventDate "2022.07.02"]
[EventType "swiss"]
[EventRounds "9"]
[EventCountry "CZE"]

1. e4 c5 2. Nc3 Nc6 3. g3 g6 4. Bg2 Bg7 5. f4 d6 6. Nf3 Nf6 7. d3 O-O 8. O-O Rb8 9. h3 b5 10. g4 b4 11. Ne2 Nd7 12. Rb1 Qa5 13. Ra1 Ba6 14. Nd2 Qc7 15. Nb3 c4 16. dxc4 Bxc4 17. Re1 Qb6+ 18. Kh1 Rfd8 19. Ng3 Nc5 20. Qf3 Nd4 21. Nxd4 Bxd4 22. e5 dxe5 23. fxe5 Bd5 24. Qe2 Bxg2+ 25. Kxg2 Ne6 26. Rf1 Qc6+ 27. Kh2 Rbc8 28. c3 bxc3 29. bxc3 Qxc3 30. Bd2 Qc5 31. Qf3 f6 32. exf6 Bxf6 33. Be3 Qa3 34. Rae1 Rc2+ 35. Kg1 Qxa2 36. Ne4 Be5 37. Qf7+ Kh8 38. Rf2 Rxf2 39. Bxf2 Qd5 40. Qxe7 Bd4 41. Nf6 Bxf2+ 42. Kxf2 Qd2+ 43. Re2 Qf4+ 44. Kg2 Qc7 45. Qxc7 Nxc7 46. Re7 1-0

[Event "28. Klatovy B 2022"]
[Site "Klatovy"]
[Date "2022.07.06"]
[Round "5.10"]
[White "Sindelar, Jan 2000"]
[Black "Vana, Jan 2010"]
[Result "1-0"]
[WhiteElo "1466"]
[BlackElo "1708"]
[PlyCount "59"]
[EventDate "2022.07.02"]
[EventType "swiss"]
[EventRounds "9"]
[EventCountry "CZE"]

1. c4 e5 2. g3 Nf6 3. Bg2 d5 4. cxd5 Nxd5 5. Nc3 Nb6 6. Nf3 Nc6 7. O-O Be6 8. d3 Qd7 9. Ng5 Bf5 10. Be3 f6 11. Nge4 O-O-O 12. Na4 Nxa4 13. Qxa4 Kb8 14. Nc5 Bxc5 15. Bxc5 a6 16. Rfe1 Nd4 17. Qb4 Qb5 18. Qc3 b6 19. Ba3 c5 20. b4 Nxe2+ 21. Rxe2 Rxd3 22. Qe1 Rxa3 23. Rxe5 Bc8 24. Qe4 Rd3 25. Qa8+ Kc7 26. Qa7+ Bb7 27. Qxb7+ Kd8 28. Rd5+ Rxd5 29. Qxd5+ Kc7 30. Rd1 1-0

[Event "28. Klatovy B 2022"]
[Site "Klatovy"]
[Date "2022.07.06"]
[Round "5.11"]
[White "Durchan, Milan 1961"]
[Black "Vavrousek, Petr"]
[Result "1-0"]
[WhiteElo "1687"]
[BlackElo "1517"]
[PlyCount "65"]
[EventDate "2022.07.02"]
[EventType "swiss"]
[EventRounds "9"]
[EventCountry "CZE"]

1. e4 e6 2. d4 d5 3. e5 c5 4. c3 Nc6 5. Nf3 Bd7 6. Be2 Nge7 7. Na3 cxd4 8. cxd4 Nf5 9. Nc2 Rc8 10. O-O Be7 11. g3 h5 12. Bd3 Nh6 13. Bxh6 Rxh6 14. a3 Na5 15. Ne3 Qb6 16. b4 Nc6 17. Be2 g5 18. b5 Na5 19. a4 g4 20. Ne1 Rc3 21. Rb1 Bg5 22. N1g2 Qc7 23. f4 gxf3 24. Rxf3 h4 25. gxh4 Bxe3+ 26. Nxe3 Rxh4 27. Qf1 f5 28. Qg2 Rc1+ 29. Rxc1 Qxc1+ 30. Kf2 Re4 31. Qg8+ Ke7 32. Rh3 Rf4+ 33. Kg2 1-0

[Event "28. Klatovy B 2022"]
[Site "Klatovy"]
[Date "2022.07.06"]
[Round "5.12"]
[White "Zak, Jiri1"]
[Black "Svec, Ludek"]
[Result "1/2-1/2"]
[WhiteElo "1732"]
[BlackElo "1585"]
[PlyCount "73"]
[EventDate "2022.07.02"]
[EventType "swiss"]
[EventRounds "9"]
[EventCountry "CZE"]

1. d4 Nf6 2. c4 e6 3. Nc3 d5 4. Nf3 Be7 5. e3 O-O 6. Bd3 Na6 7. a3 c5 8. O-O dxc4 9. Bxc4 Nc7 10. Qc2 Bd7 11. Ne5 cxd4 12. exd4 Be8 13. Rd1 Ncd5 14. Be2 Rc8 15. Qb3 Qb6 16. Qxb6 Nxb6 17. Bf3 Nfd5 18. Nxd5 Nxd5 19. Be3 f6 20. Nd3 b6 21. Rac1 Bg6 22. Bxd5 exd5 23. Nf4 Bf7 24. Re1 g5 25. Ne2 Bd6 26. Nc3 Rfe8 27. h3 Kf8 28. Kf1 Bb8 29. Ke2 Rc6 30. Nb5 Rec8 31. Rxc6 Rxc6 32. Rc1 Rxc1 33. Bxc1 Ke7 34. Bd2 a6 35. Nc3 Bc7 36. Be3 Ke6 37. Kd2 1/2-1/2

[Event "28. Klatovy B 2022"]
[Site "Klatovy"]
[Date "2022.07.06"]
[Round "5.13"]
[White "Cyron, Karel"]
[Black "Berkovec, Josef"]
[Result "0-1"]
[WhiteElo "1708"]
[BlackElo "1544"]
[PlyCount "47"]
[EventDate "2022.07.02"]
[EventType "swiss"]
[EventRounds "9"]
[EventCountry "CZE"]

1. e4 e5 2. Nf3 Nf6 3. Nc3 Nc6 4. Bb5 Bd6 5. d3 O-O 6. O-O a6 7. Ba4 b5 8. Bb3 Na5 9. Bg5 Nxb3 10. axb3 c6 11. d4 Re8 12. dxe5 Bxe5 13. Nxe5 Rxe5 14. f4 Qb6+ 15. Kh1 Re6 16. e5 Ne8 17. Bh4 d6 18. Ne4 dxe5 19. f5 Rf6 20. Nxf6+ Nxf6 21. Bxf6 gxf6 22. Qd6 Bb7 23. Rae1 e4 24. Rf4 0-1

[Event "28. Klatovy B 2022"]
[Site "Klatovy"]
[Date "2022.07.06"]
[Round "5.14"]
[White "Vavrinek, Tomas"]
[Black "Vasko, Pavel"]
[Result "1-0"]
[WhiteElo "1677"]
[BlackElo "1477"]
[PlyCount "87"]
[EventDate "2022.07.02"]
[EventType "swiss"]
[EventRounds "9"]
[EventCountry "CZE"]

1. d4 d5 2. Nf3 Bf5 3. Bf4 e6 4. e3 Bd6 5. Bg3 Nf6 6. Nbd2 h6 7. Ne5 O-O 8. h3 Nfd7 9. Ndf3 f6 10. Nxd7 Qxd7 11. Bxd6 Qxd6 12. Qd2 Nd7 13. c4 c6 14. c5 Qc7 15. Rc1 Rfc8 16. Be2 a6 17. O-O b5 18. cxb6 Qxb6 19. b3 Rc7 20. Bd3 Bxd3 21. Qxd3 Qb5 22. Qb1 Rac8 23. e4 Kf7 24. exd5 cxd5 25. Rxc7 Rxc7 26. Rc1 Qb6 27. Rxc7 Qxc7 28. Qb2 e5 29. Qd2 e4 30. Ne1 f5 31. Qc2 Qb7 32. Qc3 g6 33. Nc2 Ke6 34. f3 Kd6 35. fxe4 dxe4 36. Qg3+ Ke6 37. Qxg6+ Nf6 38. Qxh6 Qc6 39. Qd2 Nd5 40. Ne3 Nf6 41. d5+ Nxd5 42. Qxd5+ Qxd5 43. Nxd5 Kxd5 44. Kf2 1-0

[Event "28. Klatovy B 2022"]
[Site "Klatovy"]
[Date "2022.07.06"]
[Round "5.15"]
[White "Beran, Jakub"]
[Black "Bukvaj, Martin"]
[Result "1/2-1/2"]
[WhiteElo "1676"]
[BlackElo "1410"]
[PlyCount "69"]
[EventDate "2022.07.02"]
[EventType "swiss"]
[EventRounds "9"]
[EventCountry "CZE"]

1. c4 Nf6 2. d4 g6 3. Nc3 d5 4. Bf4 Bg7 5. e3 O-O 6. Nf3 c6 7. Rc1 Qb6 8. Qb3 Nbd7 9. Be2 Qxb3 10. axb3 Re8 11. O-O Nh5 12. Bg3 Nxg3 13. hxg3 Nb6 14. e4 Rd8 15. e5 Bg4 16. Nh2 Bxe2 17. Nxe2 dxc4 18. bxc4 Rac8 19. f4 e6 20. Nf3 c5 21. b3 a5 22. Rfd1 a4 23. Rd3 Bf8 24. bxa4 cxd4 25. Nexd4 Nxa4 26. Kh2 b5 27. Rd2 Rxc4 28. Nxb5 Rxd2 29. Rxc4 Rb2 30. Nd6 Nb6 31. Rc7 Nd5 32. Rc8 h6 33. Ne4 Kg7 34. Nf6 Ne3 35. Nh4 1/2-1/2

[Event "28. Klatovy B 2022"]
[Site "Klatovy"]
[Date "2022.07.06"]
[Round "5.16"]
[White "Macho, Miloslav"]
[Black "Devera, Filip"]
[Result "1-0"]
[WhiteElo "1664"]
[BlackElo "1287"]
[PlyCount "49"]
[EventDate "2022.07.02"]
[EventType "swiss"]
[EventRounds "9"]
[EventCountry "CZE"]

1. e4 e6 2. d3 d5 3. Nd2 Nf6 4. Ngf3 dxe4 5. dxe4 Bc5 6. Bd3 O-O 7. O-O Nc6 8. Nb3 Bd6 9. Qe2 e5 10. h3 Be6 11. Bg5 h6 12. Bh4 Be7 13. Bg3 Bd6 14. Rfd1 Qe7 15. Bh4 Rfe8 16. c3 Bxb3 17. axb3 Qe6 18. Bc4 Qd7 19. Bxf6 gxf6 20. Nh4 Ne7 21. Qh5 Rf8 22. Qxh6 f5 23. Nxf5 Nxf5 24. exf5 b5 25. f6 1-0

[Event "28. Klatovy B 2022"]
[Site "Klatovy"]
[Date "2022.07.06"]
[Round "5.17"]
[White "Bara, Jan"]
[Black "Bukvaj, Jan"]
[Result "1/2-1/2"]
[WhiteElo "1616"]
[BlackElo "1342"]
[PlyCount "67"]
[EventDate "2022.07.02"]
[EventType "swiss"]
[EventRounds "9"]
[EventCountry "CZE"]

1. d4 d5 2. c4 e6 3. Nc3 Nf6 4. Nf3 Be7 5. Bg5 O-O 6. e3 Nbd7 7. Be2 dxc4 8. Bxc4 c5 9. O-O cxd4 10. Nxd4 Qa5 11. Bf4 Qb4 12. Qb3 e5 13. Ne6 Qxb3 14. Bxb3 fxe6 15. Bxe6+ Kh8 16. Bg5 Nc5 17. Bc4 Be6 18. Be2 Rad8 19. Rfd1 Ng8 20. Bxe7 Nxe7 21. b4 Na6 22. a3 Rxd1+ 23. Rxd1 Rc8 24. Nb5 Nc7 25. Nd6 Rb8 26. Bc4 Bxc4 27. Nxc4 Ncd5 28. Nxe5 Kg8 29. g3 h6 30. e4 Nf6 31. f3 Rc8 32. Nd7 Kf7 33. Nxf6 Kxf6 34. Rd7 1/2-1/2

[Event "28. Klatovy B 2022"]
[Site "Klatovy"]
[Date "2022.07.06"]
[Round "5.19"]
[White "Skalny, Petr"]
[Black "Zrust, Lukas"]
[Result "1/2-1/2"]
[WhiteElo "1609"]
[BlackElo "1266"]
[PlyCount "44"]
[EventDate "2022.07.02"]
[EventType "swiss"]
[EventRounds "9"]
[EventCountry "CZE"]

1. h3 c5 2. e3 Nc6 3. b3 Nf6 4. Nf3 e6 5. Bb2 Be7 6. Be2 O-O 7. O-O d6 8. d4 b6 9. c4 Qc7 10. Nc3 Bb7 11. d5 exd5 12. Nxd5 Nxd5 13. cxd5 Ne5 14. Qd2 Bf6 15. Nh2 Qe7 16. Rfd1 Rfd8 17. Ng4 Nxg4 18. Bxg4 Bxb2 19. Qxb2 Qg5 20. Rac1 Bxd5 21. Qe2 h5 22. f4 Qh6 1/2-1/2

[Event "28. Klatovy B 2022"]
[Site "Klatovy"]
[Date "2022.07.06"]
[Round "5.20"]
[White "Skopec, Lubos"]
[Black "Trcka, Bohdan"]
[Result "1-0"]
[WhiteElo "1860"]
[BlackElo "1448"]
[PlyCount "47"]
[EventDate "2022.07.02"]
[EventType "swiss"]
[EventRounds "9"]
[EventCountry "CZE"]

1. e4 e5 2. Nf3 d6 3. d4 Nd7 4. Bc4 Be7 5. O-O exd4 6. Nxd4 Ne5 7. Bb3 c5 8. Nf3 Be6 9. Nc3 Bxb3 10. axb3 Nxf3+ 11. Qxf3 a6 12. Rd1 Rc8 13. Bf4 Rc6 14. Qg3 g5 15. Be3 h6 16. Rd2 Nf6 17. e5 Nh5 18. Qg4 Ng7 19. Rad1 h5 20. Qe2 Nf5 21. Ne4 Nxe3 22. Qxe3 Qb6 23. exd6 c4 24. Nf6+ 1-0

[Event "28. Klatovy B 2022"]
[Site "Klatovy"]
[Date "2022.07.06"]
[Round "5.21"]
[White "Vnoucek, Pavel"]
[Black "Jedlicka, Pavel"]
[Result "1-0"]
[WhiteElo "1678"]
[BlackElo "1406"]
[PlyCount "137"]
[EventDate "2022.07.02"]
[EventType "swiss"]
[EventRounds "9"]
[EventCountry "CZE"]

1. e4 c6 2. d4 d6 3. c4 Nf6 4. Nc3 Bg4 5. f3 Bh5 6. Bd3 Nbd7 7. Nge2 e5 8. d5 Qb6 9. Na4 Qc7 10. Be3 a6 11. Qd2 b5 12. dxc6 Qxc6 13. cxb5 axb5 14. Nac3 b4 15. Nb5 Nc5 16. Bxc5 dxc5 17. Bc4 Be7 18. Qc2 O-O 19. a4 Nd7 20. Bd5 Qb6 21. Bxa8 Rxa8 22. O-O c4+ 23. Kh1 Rc8 24. b3 c3 25. Rad1 Nc5 26. Nc1 f6 27. Nd3 Nb7 28. Nc1 Nc5 29. Rd5 Bf7 30. Rfd1 Bxd5 31. Rxd5 Rd8 32. Qd1 Kf8 33. g3 g6 34. Kg2 Rxd5 35. Qxd5 Qd8 36. Qxd8+ Bxd8 37. Nd6 Bb6 38. Nc4 Ba7 39. Kf1 Ke7 40. Ke2 Ke6 41. Kd1 Na6 42. Kc2 f5 43. Nd3 Bd4 44. a5 g5 45. Nb6 h5 46. Nd5 Bg1 47. h3 fxe4 48. fxe4 g4 49. hxg4 hxg4 50. N5xb4 Nxb4+ 51. Nxb4 Bd4 52. Nc6 Kd6 53. Nxd4 exd4 54. a6 Ke5 55. a7 Kxe4 56. a8=Q+ Ke3 57. Qa6 Kf2 58. Qd3 Kg2 59. b4 Kf2 60. b5 Kg2 61. b6 Kf2 62. b7 Kg2 63. b8=Q Kf2 64. Qxd4+ Kg2 65. Qxg4 Kh2 66. Qh4+ Kg2 67. Qbf4 Kg1 68. g4 Kg2 69. Qff2# 1-0

[Event "28. Klatovy B 2022"]
[Site "Klatovy"]
[Date "2022.07.06"]
[Round "5.22"]
[White "Josko, Jiri"]
[Black "Skopkova, Marcela"]
[Result "1/2-1/2"]
[WhiteElo "1584"]
[BlackElo "1315"]
[PlyCount "96"]
[EventDate "2022.07.02"]
[EventType "swiss"]
[EventRounds "9"]
[EventCountry "CZE"]

1. d4 d5 2. Bf4 e6 3. e3 Nf6 4. Nf3 Bd6 5. Bg3 Nbd7 6. Nbd2 Bxg3 7. hxg3 b6 8. Bd3 g6 9. c3 c5 10. Bb5 c4 11. Qa4 O-O 12. Bc6 Rb8 13. Qxa7 b5 14. b4 Qb6 15. Qxb6 Rxb6 16. Bxd7 Bxd7 17. Ne5 Ra8 18. a3 Rba6 19. Nb1 h5 20. f3 Be8 21. Ra2 Nd7 22. Nxd7 Bxd7 23. Kd2 Kg7 24. Kc2 f6 25. Kb2 e5 26. Re1 exd4 27. cxd4 Bf5 28. Nc3 Bd3 29. Nxb5 Rb8 30. Nc3 Rd8 31. Ne2 Rc8 32. Kc3 Rca8 33. Kb2 Rc8 34. Nc3 Rd8 35. Rc1 Re6 36. Re1 f5 37. Ka1 g5 38. a4 f4 39. gxf4 gxf4 40. e4 dxe4 41. fxe4 Rxd4 42. b5 Bxe4 43. Rxe4 Rdxe4 44. Nxe4 Rxe4 45. b6 c3 46. Ra3 Rb4 47. Rxc3 Rxa4+ 48. Kb2 Ra8 1/2-1/2

[Event "28. Klatovy B 2022"]
[Site "Klatovy"]
[Date "2022.07.06"]
[Round "5.23"]
[White "Pasek, Josef"]
[Black "Studzinski, Boleslav"]
[Result "1/2-1/2"]
[WhiteElo "1314"]
[BlackElo "1583"]
[PlyCount "26"]
[EventDate "2022.07.02"]
[EventType "swiss"]
[EventRounds "9"]
[EventCountry "CZE"]

1. d4 Nf6 2. Nf3 d6 3. g3 c6 4. Bg2 Bg4 5. O-O Qd7 6. Re1 g6 7. c4 Bg7 8. Nc3 Bh3 9. Bh1 Qc7 10. e4 e5 11. Ng5 Qc8 12. Nxh3 Qxh3 13. Bg2 Qc8 1/2-1/2

[Event "28. Klatovy B 2022"]
[Site "Klatovy"]
[Date "2022.07.06"]
[Round "5.24"]
[White "Vavrinkova, Jitka"]
[Black "Pozar, Pavel"]
[Result "1-0"]
[WhiteElo "1548"]
[BlackElo "1304"]
[PlyCount "63"]
[EventDate "2022.07.02"]
[EventType "swiss"]
[EventRounds "9"]
[EventCountry "CZE"]

1. e4 e5 2. Nf3 Nc6 3. Bb5 d6 4. c3 a6 5. Ba4 b5 6. Bc2 Bg4 7. d3 Be7 8. O-O Bxf3 9. Qxf3 Nf6 10. Qg3 Nh5 11. Qg4 g6 12. Bh6 Nf6 13. Qh3 d5 14. exd5 Qxd5 15. Bb3 Qd6 16. Nd2 Rd8 17. Bc2 b4 18. Rad1 bxc3 19. bxc3 Qa3 20. Bb3 Na5 21. Qf3 Nxb3 22. axb3 Qc5 23. Bg7 Rg8 24. Bxf6 Bxf6 25. Qxf6 Qxc3 26. Qxa6 e4 27. Qa4+ Kf8 28. Nxe4 Kg7 29. Nxc3 h5 30. Ne4 Rge8 31. Qc6 Re6 32. Qc3+ 1-0

[Event "28. Klatovy B 2022"]
[Site "Klatovy"]
[Date "2022.07.06"]
[Round "5.25"]
[White "Kotesovec, Jaroslav"]
[Black "Maly, Jiri 2011"]
[Result "0-1"]
[WhiteElo "1543"]
[BlackElo "1249"]
[PlyCount "72"]
[EventDate "2022.07.02"]
[EventType "swiss"]
[EventRounds "9"]
[EventCountry "CZE"]

1. e4 e6 2. d4 d5 3. e5 c5 4. c3 Nc6 5. Nf3 Bd7 6. Bd3 cxd4 7. cxd4 Nge7 8. a3 Nf5 9. Bxf5 exf5 10. O-O Be7 11. Nc3 Be6 12. Re1 O-O 13. Ne2 Rc8 14. b4 Qb6 15. Ng3 f6 16. exf6 Rxf6 17. Nh5 Rg6 18. Nf4 Bf7 19. Nxg6 Bxg6 20. Qb3 Bf7 21. Bb2 Bf6 22. Rac1 Rd8 23. Qd3 a6 24. Ne5 Nxe5 25. dxe5 Bg5 26. Ra1 Qe6 27. Qg3 Bh6 28. Bc1 Re8 29. Bxh6 Qxh6 30. Rad1 b5 31. Kh1 Re6 32. Rxd5 g6 33. Rd8+ Kg7 34. h3 Be8 35. Qc3 Bc6 36. Qc5 Qxh3+ 0-1